000 00627nam a2200241Ia 4500
003 OSt
005 20221007071400.0
006 a|||||r|||| 00| 0
007 ta
008 221006b |||||||| |||| 00| 0 eng d
024 _a13,890
037 _cTextual
040 _aFLL
_cFLL
_beng
041 _2eng
_aeng
082 _aX:322:Z3, K4
100 _aScammell W.S.
_9688645
245 0 _aLaw of agricultural holdings
250 _a4th
260 _aLondon
_bButterworths London
_c1964
300 _axxxvii,753p
_ccm.
942 _hX:322:Z3, K4
_cTEXL
_2CC
999 _c1143203
_d1143203